Seis capitales más cercanas: Ankara - Estadísticas

Estadísticas generales
  • Esta prueba ha sido intentada 21 veces
  • La puntuación promedio es 3 de 6
Estadísticas de respuestas
km capital % Correcto
817 Atenas
71%
854 Sofía
67%
751 Bucarest
52%
527 Nicosia
52%
774 Damasco
24%
708 Beirut
19%
No se encontraron pruebas coincidentes
Distribución de puntuación
Porcentaje de gente con cada puntuación
Porcentaje por número respondido
Historial de tus puntuaciones
No has intentado esta prueba.